Návrh opatrení v oblasti reakcie podniku VOLKSWAGEN SLOVAKIA, a.s., na vplyvy jeho makroprostredia
Guardado en:
| Autor principal: | |
|---|---|
| Otros Autores: | |
| Formato: | Manuscrito Libro |
| Lenguaje: | eslovaco |
| Publicado: |
2017
|
| Materias: | |
| Acceso en línea: | http://is.stuba.sk/zp/portal_zp.pl?podrobnosti=121327 |
| Etiquetas: |
Sin Etiquetas, Sea el primero en etiquetar este registro!
|
MARC
| LEADER | 00000ntm a22000003a 4500 | ||
|---|---|---|---|
| 001 | stuzp63939 | ||
| 003 | SK-STU | ||
| 005 | 20170701210649.5 | ||
| 007 | ta | ||
| 008 | 150427s2015----xo-----f-mn---000-0-slo-d | ||
| 040 | |a STU |b slo | ||
| 041 | 0 | |a slo | |
| 100 | 1 | |a Činčurová, Veronika |u 064000 |4 aut |U MTF Materiálovotechnologická fakulta |T MTF Ústav priemyselného inžinierstva a manažmentu |X 44088 |U M4000 |Y 84 |7 44088 | |
| 242 | 0 | 1 | |a Draft of measures in the field of VOLKSWAGEN SLOVAKIA, a.s., responses to impacts of its macro-environment |y eng |
| 245 | 1 | 0 | |a Návrh opatrení v oblasti reakcie podniku VOLKSWAGEN SLOVAKIA, a.s., na vplyvy jeho makroprostredia |
| 260 | |c 2017 | ||
| 650 | 4 | |a Podnik |2 slo | |
| 650 | 4 | |a podnikanie |2 slo | |
| 650 | 4 | |a podnikateľ |2 slo | |
| 650 | 4 | |a podnikateľské prostredie |2 slo | |
| 650 | 4 | |a makroprostredie a jeho vplyvy |2 slo | |
| 650 | 4 | |a company |2 eng | |
| 650 | 4 | |a business |2 eng | |
| 650 | 4 | |a entrepreneur |2 eng | |
| 650 | 4 | |a macro-environment and its impacts |2 eng | |
| 650 | 4 | |a business environment |2 eng | |
| 700 | 1 | |a Šefčíková, Miriam |u 064000 |k Z1 |4 ths |U MTF Materiálovotechnologická fakulta |T MTF Ústav priemyselného inžinierstva a manažmentu |X 2854 |U M4000 |Y 84 |7 A000002854 | |
| 856 | 4 | |u http://is.stuba.sk/zp/portal_zp.pl?podrobnosti=121327 | |
| 996 | |c M* BP-7902 |l MMSKP |s P |a 0 |w stuzp63939_0001 | ||